000 00956nam a2200253Ia 4500
003 OSt
005 20220923224818.0
006 a|||||r|||| 00| 0
007 ta
008 220922b |||||||| |||| 00| 0 hin d
024 _a251,161
037 _cTextual
040 _aARTS
_cARTS
_bhin
041 _2hin
_ahin
082 _aO152,1N2:g(Y), N2
100 _aयादव 'रवि', रमेन्द्र कुमार
_9168236
245 0 _aछायावादी कविता का समाज - दर्शन
246 _aChhāyāvādī kavitā kā samāj - darshana
260 _aपटना
_b बिहार ग्रन्थ कुटीर प्रकाशन
_c1992
300 _a200पृ.
_ccm.
650 _aहिन्दी साहित्य
_9156264
942 _hO152,1N2:g(Y), N2
_cTEXL
_2CC
999 _c373835
_d373835